Statistics for U.S. States by Picture #1

Click here to take the quiz!

General Stats

  • This quiz has been taken 12,660 times
  • The average score is 11 of 18

Answer Stats

Answer% Correct
New York
100%
Arizona
87%
South Dakota
84%
Alaska
81%
Hawaii
77%
Missouri
77%
Texas
73%
Florida
66%
Louisiana
66%
Wyoming
64%
Kentucky
58%
Massachusetts
56%
Georgia
54%
Oklahoma
41%
Utah
39%
Virginia
34%
New Mexico
22%
New Hampshire
21%

Score Distribution

Percentile by Number Answered

Percent of People with Each Score

Your Score History

You have not taken this quiz